[Event "24. Copenhagen Open  (Politiken Cup)"]
[Site "Copenhagen"]
[Date "2002.07.23"]
[Round "8"]
[White "Felgaer, Ruben"]
[Black "Hector, Jonny"]
[Result "1-0"]
[WhiteElo "2509"]
[BlackElo "2562"]
[PlyCount "59"]
[EventDate "2002.07.15"]
[EventType "swiss"]
[EventRounds "11"]
[EventCountry "DEN"]
[SourceDate "2004.01.01"]

1. e4 e5 2. Nf3 Nc6 3. Bc4 Nf6 4. d3 Bc5 5. c3 a6 6. O-O Ba7 7. Bb3 d6 8. Nbd2
O-O 9. h3 Ne7 10. Re1 Ng6 11. Nf1 Nh5 12. d4 Nhf4 13. Ng3 Qf6 14. Nh5 Qe7 15.
Bxf4 Nxf4 16. Nxf4 exf4 17. Qd2 Qf6 18. e5 dxe5 19. Rxe5 c6 20. Rae1 h6 21.
R1e4 Bb8 22. Rxf4 Qg6 23. Rxf7 Rxf7 24. Re7 Qb1+ 25. Ne1 Bf4 26. Qe2 (26. Qxf4
Be6 27. Bxe6 Qxe1+ 28. Kh2 Qxe6 $19) 26... Bf5 27. Rxf7 Kh8 28. g4 Bd3 29. Qxd3
Qxe1+ 30. Kg2 1-0

[Event "24. Copenhagen Open  (Politiken Cup)"]
[Site "Copenhagen"]
[Date "2002.07.23"]
[Round "8"]
[White "Glud, Jakob Vang"]
[Black "Leimand, Peter Martin"]
[Result "1-0"]
[WhiteElo "2180"]
[BlackElo "2003"]
[PlyCount "61"]
[EventDate "2002.07.15"]
[EventType "swiss"]
[EventRounds "11"]
[EventCountry "DEN"]
[SourceDate "2004.01.01"]

1. e4 c5 2. Nf3 d6 3. d4 cxd4 4. Nxd4 Nf6 5. Nc3 a6 6. Bg5 e6 7. f4 Qb6 8. Qd2
Qxb2 9. Nb3 Qa3 10. Bxf6 gxf6 11. Be2 Rg8 12. O-O Qb4 13. f5 Nc6 14. Kh1 Be7
15. Qe3 Bd8 16. a3 Qb6 17. Qh6 Ne7 18. Bh5 exf5 19. Qxh7 Be6 20. exf5 Bxb3 21.
cxb3 Qxb3 22. Ne4 Kf8 23. Nxf6 Rxg2 24. Rab1 Rxh2+ 25. Kxh2 Qc2+ 26. Kh1 Qc4
27. Qh8+ Ng8 28. Qxg8+ Ke7 29. Qg5 Kf8 30. Qh6+ Ke7 31. Rbe1+ 1-0

[Event "24. Copenhagen Open  (Politiken Cup)"]
[Site "Copenhagen"]
[Date "2002.07.23"]
[Round "8"]
[White "Gottschalck, Christian"]
[Black "Wilsbeck, Jan Borge"]
[Result "0-1"]
[WhiteElo "1676"]
[BlackElo "1825"]
[PlyCount "58"]
[EventDate "2002.07.15"]
[EventType "swiss"]
[EventRounds "11"]
[EventCountry "DEN"]
[SourceDate "2004.01.01"]

1. e4 c5 2. c3 Nf6 3. e5 Nd5 4. d4 e6 5. Nf3 b6 6. Be2 cxd4 7. cxd4 Bb4+ 8. Bd2
Bxd2+ 9. Qxd2 O-O 10. Nc3 Nxc3 11. bxc3 Bb7 12. O-O Na6 13. Rfc1 Rc8 14. c4 d5
15. cxd5 Qxd5 16. Ne1 Qd7 17. Bf3 Bxf3 18. Nxf3 Nc7 19. Rc2 Nd5 20. Rac1 h6 21.
h3 a5 22. a3 Rxc2 23. Qxc2 b5 24. Qd2 b4 25. axb4 axb4 26. Ne1 Rc8 27. Rxc8+
Qxc8 28. Nc2 Qc4 29. g3 Qa2 0-1

[Event "24. Copenhagen Open  (Politiken Cup)"]
[Site "Copenhagen"]
[Date "2002.07.23"]
[Round "8"]
[White "Hanley, Craig"]
[Black "Jakobsen, Ole"]
[Result "1-0"]
[WhiteElo "2331"]
[BlackElo "2398"]
[PlyCount "80"]
[EventDate "2002.07.15"]
[EventType "swiss"]
[EventRounds "11"]
[EventCountry "DEN"]
[SourceDate "2004.01.01"]

1. c4 e5 2. g3 Nc6 3. Bg2 g6 4. Nc3 Bg7 5. e4 d6 6. Nge2 h5 7. h4 Be6 8. d3 Qd7
9. Rb1 Nf6 10. Nd5 O-O 11. b4 Nh7 12. Be3 Nd8 13. Qd2 c6 14. Ndc3 f6 15. c5
dxc5 16. bxc5 Nf7 17. d4 exd4 18. Qxd4 Qc8 19. Nf4 Ne5 20. O-O Rf7 21. Qb4 Nf8
22. Bd4 Qe8 23. f3 Rd8 24. Rfd1 Rfd7 25. Nxe6 Nxe6 26. Bxe5 fxe5 27. Bh3 Kh7
28. Rxd7 Qxd7 29. Rd1 Qe7 30. Bxe6 Rxd1+ 31. Nxd1 Qxe6 32. Qxb7 Qh3 33. Nf2
Qxg3+ 34. Kf1 Qxh4 35. Qxc6 Qg5 36. Qd5 Qc1+ 37. Nd1 h4 38. c6 h3 39. Qd7 Qh6
40. c7 h2 1-0

[Event "24. Copenhagen Open  (Politiken Cup)"]
[Site "Copenhagen"]
[Date "2002.07.23"]
[Round "8"]
[White "Hansen, Erik Friberg"]
[Black "Edvardsson, Hannu Kalervo"]
[Result "1/2-1/2"]
[WhiteElo "1165"]
[BlackElo "1300"]
[PlyCount "71"]
[EventDate "2002.07.15"]
[EventType "swiss"]
[EventRounds "11"]
[EventCountry "DEN"]
[SourceDate "2004.01.01"]

1. c4 e5 2. Nc3 c5 3. g3 Nf6 4. Bg2 Be7 5. d3 d6 6. e4 Bd7 7. Nf3 Nc6 8. O-O
O-O 9. h3 Rb8 10. a3 a5 11. b3 b6 12. Ne1 Nd4 13. f4 exf4 14. Bxf4 Ne6 15. Ne2
Nxf4 16. Nxf4 Bc6 17. Nc2 Qc7 18. Ne3 g6 19. a4 h5 20. h4 Nd7 21. Ned5 Bxd5 22.
Nxd5 Qd8 23. Qf3 Ne5 24. Qe2 Nc6 25. Rf3 Nd4 26. Qd1 Nxf3+ 27. Qxf3 f5 28. Qe3
Kg7 29. Rf1 fxe4 30. Bxe4 Rxf1+ 31. Kxf1 Bf6 32. Nf4 Qe8 33. Nxg6 Qe6 34. Kg2
Re8 35. Qf4 Be7 36. Kh2 1/2-1/2

[Event "24. Copenhagen Open  (Politiken Cup)"]
[Site "Copenhagen"]
[Date "2002.07.23"]
[Round "8"]
[White "Hansen, Morten Lyck"]
[Black "Hansen, Alexei"]
[Result "0-1"]
[WhiteElo "1854"]
[BlackElo "1563"]
[PlyCount "110"]
[EventDate "2002.07.15"]
[EventType "swiss"]
[EventRounds "11"]
[EventCountry "DEN"]
[SourceDate "2004.01.01"]

1. e4 c5 2. Nf3 d6 3. c3 g6 4. d4 cxd4 5. cxd4 Bg7 6. Nc3 Nf6 7. Bd3 O-O 8. O-O
Bg4 9. h3 Bxf3 10. Qxf3 Nc6 11. Be3 Nd7 12. d5 Nce5 13. Qe2 Nxd3 14. Qxd3 Ne5
15. Qe2 Rc8 16. Rfd1 Qa5 17. Bd4 Qb4 18. Qb5 Qxb5 19. Nxb5 a6 20. Na3 Nc4 21.
Bxg7 Kxg7 22. Nxc4 Rxc4 23. Re1 Rc2 24. b4 Rfc8 25. Re3 Rd2 26. a4 Rcc2 27. Rf3
Rd4 28. b5 axb5 29. axb5 Rb2 30. e5 Rxd5 31. e6 f6 32. Ra8 Re5 33. Re3 Re2 34.
Rxe2 Rxe2 35. Rb8 Rxe6 36. Rxb7 Kf7 37. Rb8 Re1+ 38. Kh2 Rb1 39. Kg3 Ke6 40. b6
h5 41. b7 Kf5 42. Kf3 Rb3+ 43. Ke2 g5 44. Rh8 Rxb7 45. Rxh5 d5 46. Rh8 e5 47.
g3 Ke4 48. f3+ Kd4 49. Ra8 Rb2+ 50. Kf1 Rb4 51. Ra6 f5 52. h4 gxh4 53. gxh4 Ke3
54. Ra3+ Kf4 55. Rd3 d4 0-1

[Event "24. Copenhagen Open  (Politiken Cup)"]
[Site "Copenhagen"]
[Date "2002.07.23"]
[Round "8"]
[White "Hansen, Poul Elgaard"]
[Black "Hagen, Andreas Skytte"]
[Result "0-1"]
[WhiteElo "2003"]
[BlackElo "2185"]
[PlyCount "46"]
[EventDate "2002.07.15"]
[EventType "swiss"]
[EventRounds "11"]
[EventCountry "DEN"]
[SourceDate "2004.01.01"]

1. d4 e6 2. c4 Nf6 3. Nf3 c5 4. d5 exd5 5. cxd5 d6 6. Nc3 g6 7. e4 Bg7 8. Be2
O-O 9. O-O Re8 10. Nd2 Na6 11. f3 Nc7 12. a4 b6 13. Nc4 Ba6 14. Bf4 Bxc4 15.
Bxc4 Nh5 16. Be3 f5 17. Qd2 a6 18. Bf2 fxe4 19. fxe4 Qd7 20. Qd3 Nf4 21. Qf3
Rf8 22. Ne2 Nh5 23. Qb3 b5 0-1

[Event "24. Copenhagen Open  (Politiken Cup)"]
[Site "Copenhagen"]
[Date "2002.07.23"]
[Round "8"]
[White "Hein, Jacob"]
[Black "Nielsen, Jorgen Kamp"]
[Result "0-1"]
[WhiteElo "1305"]
[BlackElo "1400"]
[PlyCount "88"]
[EventDate "2002.07.15"]
[EventType "swiss"]
[EventRounds "11"]
[EventCountry "DEN"]
[SourceDate "2004.01.01"]

1. d4 Nf6 2. Nf3 g6 3. c4 Bg7 4. Nc3 O-O 5. e4 d6 6. h4 Bg4 7. Be2 e5 8. Be3
Re8 9. dxe5 Bxf3 10. Bxf3 Rxe5 11. h5 g5 12. h6 Bh8 13. Bh5 Nxe4 14. Nxe4 Rxe4
15. Qd5 Qe7 16. O-O-O c6 17. Qxg5+ Kf8 18. Qxe7+ Kxe7 19. Be2 Nd7 20. Bd3 Rg4
21. g3 Ne5 22. Bxh7 Nxc4 23. Bf4 Bxb2+ 24. Kc2 d5 25. Rhe1+ Kf8 26. Bf5 Rg8 27.
h7 Rh8 28. Bg5 f6 29. Bh6+ Kf7 30. Re6 Rac8 31. Rde1 Ba3 32. Re8 Rcxe8 33. Rxe8
Rxe8 34. Bd3 b5 35. Kb3 b4 36. Be3 Nxe3 37. fxe3 c5 38. Kc2 Rh8 39. g4 Kg7 40.
Bf5 Rxh7 41. Bxh7 Kxh7 42. Kd3 c4+ 43. Kc2 Kg6 44. Kd2 Kg5 0-1

[Event "24. Copenhagen Open  (Politiken Cup)"]
[Site "Copenhagen"]
[Date "2002.07.23"]
[Round "8"]
[White "Hesselberg, Leif"]
[Black "Moller, Frederik Oest"]
[Result "1-0"]
[WhiteElo "1825"]
[BlackElo "1479"]
[PlyCount "45"]
[EventDate "2002.07.15"]
[EventType "swiss"]
[EventRounds "11"]
[EventCountry "DEN"]
[SourceDate "2004.01.01"]

1. d4 d5 2. Nf3 Bg4 3. c4 e6 4. Qb3 b6 5. Ne5 Bf5 6. e3 Nf6 7. cxd5 exd5 8.
Bb5+ Bd7 9. Nxd7 Nbxd7 10. Bc6 Rc8 11. Nc3 Bd6 12. Nxd5 O-O 13. Nxf6+ Nxf6 14.
Bd2 Qe7 15. f3 Bxh2 16. O-O-O Bd6 17. e4 Nd7 18. e5 Bxe5 19. Bxd7 Rcd8 20. dxe5
Rxd7 21. f4 c5 22. Qh3 h6 23. g4 1-0

[Event "24. Copenhagen Open  (Politiken Cup)"]
[Site "Copenhagen"]
[Date "2002.07.23"]
[Round "8"]
[White "Hoeg, Claus"]
[Black "Henriksen, Geir Ivar"]
[Result "0-1"]
[WhiteElo "2010"]
[BlackElo "2209"]
[PlyCount "46"]
[EventDate "2002.07.15"]
[EventType "swiss"]
[EventRounds "11"]
[EventCountry "DEN"]
[SourceDate "2004.01.01"]

1. d4 Nf6 2. c4 c5 3. d5 d6 4. Nc3 g6 5. e4 Bg7 6. Be2 O-O 7. f4 e6 8. Nf3 exd5
9. cxd5 Bg4 10. O-O Nbd7 11. Nd2 Bxe2 12. Qxe2 Re8 13. Qf3 Qb6 14. a4 c4+ 15.
Kh1 Rac8 16. g4 h6 17. Qh3 Re7 18. g5 hxg5 19. e5 g4 20. Qh4 dxe5 21. Nde4 exf4
22. Rxf4 Rce8 23. Ng5 Re1+ 0-1

[Event "24. Copenhagen Open  (Politiken Cup)"]
[Site "Copenhagen"]
[Date "2002.07.23"]
[Round "8"]
[White "Howe, Dennis"]
[Black "Lauritsen, Martin Lee"]
[Result "1-0"]
[WhiteElo "2052"]
[BlackElo "1517"]
[PlyCount "127"]
[EventDate "2002.07.15"]
[EventType "swiss"]
[EventRounds "11"]
[EventCountry "DEN"]
[SourceDate "2004.01.01"]

1. e4 c5 2. Nf3 d6 3. d4 cxd4 4. Nxd4 Nf6 5. Nc3 g6 6. Bc4 Bg7 7. O-O Nc6 8. h3
O-O 9. Be3 Bd7 10. Bb3 a6 11. f4 e6 12. f5 exf5 13. exf5 Nxd4 14. Bxd4 Bxf5 15.
Qf3 Nd7 16. Bxg7 Qb6+ 17. Kh1 Kxg7 18. Nd5 Qd8 19. Qg3 Be4 20. Qxd6 Qh4 21.
Qxd7 Rad8 22. Qg4 Qxg4 23. hxg4 Bxd5 24. Rad1 Bxb3 25. axb3 Rfe8 26. Rxd8 Rxd8
27. Rf4 b5 28. c4 Rd2 29. cxb5 axb5 30. Rb4 Rxb2 31. Rxb5 Kf6 32. Kh2 h5 33.
gxh5 gxh5 34. Rb8 Ke7 35. b4 Kd7 36. Kh3 Ke7 37. g3 f6 38. b5 Kd7 39. b6 Rf2
40. Rh8 Kc6 41. Rxh5 Kxb6 42. Kg4 Kc7 43. Rf5 Rg2 44. Rxf6 Kd7 45. Rf4 Ke7 46.
Kh4 Rh2+ 47. Kg5 Rg2 48. g4 Rg1 49. Kh6 Rh1+ 50. Kg7 Rg1 51. Re4+ Kd7 52. Kf7
Rf1+ 53. Kg6 Rg1 54. g5 Rg2 55. Kf6 Rf2+ 56. Kg7 Rg2 57. g6 Rf2 58. Kg8 Rf1 59.
g7 Rf2 60. Kh7 Rh2+ 61. Kg6 Rg2+ 62. Kh6 Rh2+ 63. Kg5 Rg2+ 64. Rg4 1-0

[Event "24. Copenhagen Open  (Politiken Cup)"]
[Site "Copenhagen"]
[Date "2002.07.23"]
[Round "8"]
[White "Hvenekilde, Jorgen"]
[Black "Mikkelsen, Nikolaj"]
[Result "1/2-1/2"]
[WhiteElo "2296"]
[BlackElo "2120"]
[PlyCount "105"]
[EventDate "2002.07.15"]
[EventType "swiss"]
[EventRounds "11"]
[EventCountry "DEN"]
[SourceDate "2004.01.01"]

1. e4 c5 2. Nf3 Nc6 3. Be2 e5 4. d3 Be7 5. O-O f5 6. Nbd2 Nf6 7. c3 O-O 8. a4
d6 9. Re1 Kh8 10. Bf1 Be6 11. exf5 Bxf5 12. Nc4 Bg4 13. h3 Bh5 14. g4 Bg6 15.
d4 cxd4 16. cxd4 Nxd4 17. Nxd4 exd4 18. Qxd4 Ne4 19. Be3 d5 20. Ne5 Bc5 21.
Nxg6+ hxg6 22. Qd3 Bxe3 23. Qxe3 Rxf2 24. Re2 Rxe2 25. Bxe2 Qf6 26. Rd1 Qxb2
27. Rxd5 Nc3 28. Re5 Qa1+ 29. Kh2 Nxe2 30. Qxe2 Qxa4 31. Re7 Qf4+ 32. Kg2 Rd8
33. Re8+ Rxe8 34. Qxe8+ Kh7 35. Qe7 Qd2+ 36. Kg3 Qc3+ 37. Kg2 Qc6+ 38. Kg3 Qb6
39. h4 Qb3+ 40. Kg2 Qd5+ 41. Kg3 a5 42. Qe8 Qd6+ 43. Kh3 Qc6 44. Qf7 a4 45. h5
a3 46. hxg6+ Qxg6 47. Qb3 Qh6+ 48. Kg3 Qd6+ 49. Kh3 b5 50. Qxb5 a2 51. Qf5+ g6
52. Qf7+ Kh6 53. Qxa2 1/2-1/2

[Event "24. Copenhagen Open  (Politiken Cup)"]
[Site "Copenhagen"]
[Date "2002.07.23"]
[Round "8"]
[White "Jessen, Simon Pind"]
[Black "Brondum, Eric"]
[Result "1/2-1/2"]
[WhiteElo "2074"]
[BlackElo "2219"]
[PlyCount "48"]
[EventDate "2002.07.15"]
[EventType "swiss"]
[EventRounds "11"]
[EventCountry "DEN"]
[SourceDate "2004.01.01"]

1. d4 d6 2. c4 g6 3. Nf3 Bg7 4. Nc3 Nf6 5. Bg5 O-O 6. Qc2 c6 7. e3 a6 8. a4 a5
9. Be2 Na6 10. Nd2 Nb4 11. Qb3 h6 12. Bh4 Be6 13. O-O Ne8 14. Na2 Nxa2 15. Qxa2
f5 16. Qb3 Rb8 17. d5 Bf7 18. Rab1 g5 19. Bg3 Nf6 20. Qd3 Bg6 21. f4 Qe8 22. b3
c5 23. Rbe1 Kh7 24. Bf3 g4 1/2-1/2

[Event "24. Copenhagen Open  (Politiken Cup)"]
[Site "Copenhagen"]
[Date "2002.07.23"]
[Round "8"]
[White "Jorgensen, Dennis"]
[Black "Nielsen, Max"]
[Result "1-0"]
[WhiteElo "2097"]
[BlackElo "2246"]
[PlyCount "77"]
[EventDate "2002.07.15"]
[EventType "swiss"]
[EventRounds "11"]
[EventCountry "DEN"]
[SourceDate "2004.01.01"]

1. d4 f5 2. Nf3 e6 3. g3 Nf6 4. Bg2 d5 5. O-O Bd6 6. c4 c6 7. b3 Qe7 8. Bb2 O-O
9. Qc1 b6 10. Ba3 Bb7 11. Bxd6 Qxd6 12. Nc3 Nbd7 13. Qf4 Qe7 14. Rac1 g6 15.
Rfd1 Rac8 16. Ne5 Nxe5 17. dxe5 Ng4 18. Qd4 Rfd8 19. cxd5 exd5 20. f4 Qe6 21.
e3 h5 22. Qd2 h4 23. Qe1 hxg3 24. Qxg3 Rd7 25. h3 Nh6 26. Rd2 Rg7 27. Rcd1 Nf7
28. Ne2 Qe8 29. Nd4 c5 30. Nf3 d4 31. exd4 cxd4 32. Rxd4 Rc3 33. R4d3 Rxd3 34.
Rxd3 Be4 35. Rd2 Qc8 36. Kh2 Qc1 37. e6 Bxf3 38. exf7+ Rxf7 39. Qxg6+ 1-0

[Event "24. Copenhagen Open  (Politiken Cup)"]
[Site "Copenhagen"]
[Date "2002.07.23"]
[Round "8"]
[White "Jorgensen, Orla"]
[Black "Lynge, Torben"]
[Result "0-1"]
[WhiteElo "1420"]
[BlackElo "1669"]
[PlyCount "42"]
[EventDate "2002.07.15"]
[EventType "swiss"]
[EventRounds "11"]
[EventCountry "DEN"]
[SourceDate "2004.01.01"]

1. f4 d5 2. Nf3 Nf6 3. e3 Nc6 4. b3 Bf5 5. Bb2 a6 6. Be2 e6 7. Nc3 Bc5 8. d4
Bd6 9. Bd3 Bxd3 10. Qxd3 Ne7 11. Ne5 c5 12. dxc5 Bxc5 13. h3 O-O 14. O-O-O b5
15. g4 Nd7 16. Nf3 Nc6 17. Ng5 Nf6 18. Nxb5 Nb4 19. Qe2 Nxa2+ 20. Kd2 axb5 21.
Qd3 Ne4+ 0-1

[Event "24. Copenhagen Open  (Politiken Cup)"]
[Site "Copenhagen"]
[Date "2002.07.23"]
[Round "8"]
[White "Kaaber Hansen, Jacob"]
[Black "Jorgensen, Carina E"]
[Result "1-0"]
[WhiteElo "2079"]
[BlackElo "1643"]
[PlyCount "111"]
[EventDate "2002.07.15"]
[EventType "swiss"]
[EventRounds "11"]
[EventCountry "DEN"]
[SourceDate "2004.01.01"]

1. e4 c5 2. Nc3 d6 3. g3 Nc6 4. Bg2 Nf6 5. d3 g6 6. f4 Bg7 7. Be3 a6 8. h3 Qc7
9. Nf3 Bd7 10. O-O O-O 11. Qe1 Rac8 12. a4 e6 13. g4 Nb4 14. Rc1 d5 15. e5 Ne8
16. Bd2 Qb6 17. b3 d4 18. Ne4 a5 19. g5 Qa7 20. Nf6+ Nxf6 21. gxf6 Bh8 22. Qh4
h5 23. Qg5 Bc6 24. Nh4 Bxg2 25. Kxg2 b6 26. f5 Qb7+ 27. Kh2 exf5 28. Nxf5 Nd5
29. Nd6 Qc7 30. Nxc8 Rxc8 31. Bf4 Nxf4 32. Rxf4 Re8 33. Re4 Re6 34. Kh1 Kh7 35.
Rg1 Qc6 36. Kh2 Qd5 37. Qf4 Qd8 38. Rg5 Qf8 39. Qg3 Qh6 40. Kg1 Qf8 41. Rh4 Qh6
42. Qf4 Kg8 43. Rgxh5 Qxh5 44. Rxh5 gxh5 45. Qg5+ Kf8 46. Qxh5 Kg8 47. Qg5+ Kh7
48. h4 Re8 49. Kf2 Re6 50. Kf3 Re8 51. Kf4 Re6 52. Kf5 Re8 53. Qg4 Re6 54. h5
Re8 55. h6 Re6 56. Qh5 1-0

[Event "24. Copenhagen Open  (Politiken Cup)"]
[Site "Copenhagen"]
[Date "2002.07.23"]
[Round "8"]
[White "Kongsted, Halfdan Christian"]
[Black "Pert, Richard G"]
[Result "0-1"]
[WhiteElo "2224"]
[BlackElo "2357"]
[PlyCount "94"]
[EventDate "2002.07.15"]
[EventType "swiss"]
[EventRounds "11"]
[EventCountry "DEN"]
[SourceDate "2004.01.01"]

1. e4 c5 2. Nf3 d6 3. d4 cxd4 4. Nxd4 Nf6 5. Nc3 g6 6. Be3 Bg7 7. f3 Nc6 8. Qd2
Bd7 9. O-O-O Rc8 10. Kb1 Ne5 11. Be2 O-O 12. g4 b5 13. Ndxb5 Nc4 14. Bxc4 Rxc4
15. b3 Rb4 16. a4 Bxb5 17. Nxb5 Qa5 18. Nc3 Rfb8 19. e5 Nxg4 20. Nd5 Rxb3+ 21.
cxb3 Rxb3+ 22. Kc2 Qxa4 23. Nc3 Rxc3+ 24. Kxc3 Qa3+ 25. Kc4 Nxe3+ 26. Kb5 Qc5+
27. Ka4 Nxd1 28. Rxd1 Qc6+ 29. Kb4 Bxe5 30. Rc1 Qxf3 31. Rc4 Bg7 32. h4 h5 33.
Qg5 Qb7+ 34. Ka4 Qa6+ 35. Kb4 Qb6+ 36. Ka4 a6 37. Qc1 Bf6 38. Rb4 Qf2 39. Ka5
Qg3 40. Kxa6 d5 41. Ka7 Qd6 42. Qd2 Qc5+ 43. Rb6 Bd4 44. Ka8 Qc8+ 45. Ka7 Bxb6+
46. Kxb6 Qe6+ 47. Ka7 Qe5 0-1

[Event "24. Copenhagen Open  (Politiken Cup)"]
[Site "Copenhagen"]
[Date "2002.07.23"]
[Round "8"]
[White "Korolev, Nikolaj"]
[Black "Zucchelli, Massimo"]
[Result "1-0"]
[WhiteElo "1964"]
[BlackElo "2183"]
[PlyCount "71"]
[EventDate "2002.07.15"]
[EventType "swiss"]
[EventRounds "11"]
[EventCountry "DEN"]
[SourceDate "2004.01.01"]

1. e4 e6 2. d4 d5 3. Nc3 Bb4 4. e5 c5 5. a3 Ba5 6. b4 cxd4 7. Nb5 Bc7 8. f4 a5
9. Nf3 axb4 10. Nfxd4 Bd7 11. Bd3 Bxb5 12. Bxb5+ Kf8 13. O-O g6 14. g4 Qh4 15.
Kh1 Nh6 16. Nf3 Qh3 17. f5 Nxg4 18. fxe6 Bxe5 19. Qxd5 Nc6 20. Bd2 Rd8 21. e7+
Kxe7 22. Bg5+ f6 23. Qc5+ Rd6 24. Rae1 fxg5 25. Bxc6 bxc6 26. Rxe5+ Nxe5 27.
Qxe5+ Re6 28. Qg7+ Kd6 29. Rd1+ Kc5 30. Qa7+ Kc4 31. Rd4+ Kc3 32. Qc5+ Kb2 33.
Qxb4+ Kc1 34. Qd2+ Kb2 35. Rb4+ Ka2 36. c4+ 1-0

[Event "24. Copenhagen Open  (Politiken Cup)"]
[Site "Copenhagen"]
[Date "2002.07.23"]
[Round "8"]
[White "Kristensen, Jonas Rune"]
[Black "Bilfeldt, Anders"]
[Result "1-0"]
[WhiteElo "1847"]
[BlackElo "1287"]
[PlyCount "47"]
[EventDate "2002.07.15"]
[EventType "swiss"]
[EventRounds "11"]
[EventCountry "DEN"]
[SourceDate "2004.01.01"]

1. d4 Nf6 2. Nf3 e6 3. Bg5 Be7 4. e3 b6 5. Nbd2 Bb7 6. Bd3 d6 7. O-O Nbd7 8.
Qe2 Nd5 9. Bxe7 Qxe7 10. a3 h5 11. c4 N5f6 12. b4 Nh7 13. Nb3 g5 14. c5 c6 15.
cxd6 Qxd6 16. Bxh7 Rxh7 17. Nxg5 Rh6 18. Nd2 O-O-O 19. Nxf7 Qf8 20. Nxh6 Qxh6
21. Ne4 Kc7 22. Rac1 Rg8 23. Qf3 Kc8 24. Nd6+ 1-0

[Event "24. Copenhagen Open  (Politiken Cup)"]
[Site "Copenhagen"]
[Date "2002.07.23"]
[Round "8"]
[White "Laursen, Niels Norskov"]
[Black "Walseth, Tron"]
[Result "1-0"]
[WhiteElo "2135"]
[BlackElo "1832"]
[PlyCount "71"]
[EventDate "2002.07.15"]
[EventType "swiss"]
[EventRounds "11"]
[EventCountry "DEN"]
[SourceDate "2004.01.01"]

1. e4 c6 2. d4 d5 3. exd5 cxd5 4. c4 Nf6 5. Nc3 e6 6. Nf3 Nc6 7. Bg5 Be7 8. Bd3
O-O 9. O-O Nb4 10. Be2 dxc4 11. Bxc4 b6 12. Qe2 Bb7 13. Rad1 Nbd5 14. Ne5 h6
15. Bc1 Rc8 16. Ne4 Nxe4 17. Qxe4 Ba8 18. Qg4 Bg5 19. f4 Bf6 20. f5 h5 21. Qe2
exf5 22. Rxf5 g6 23. Rf3 b5 24. Bb3 Nb6 25. Rg3 Bd5 26. Bh6 Bh4 27. Rh3 Re8 28.
Qxb5 Kh7 29. Bxd5 Nxd5 30. Nxf7 Qf6 31. Rf3 Qe6 32. Bg5 Nc7 33. Qf1 Qg4 34.
Bxh4 Qxh4 35. Nd6 Re1 36. Qxe1 1-0

[Event "24. Copenhagen Open  (Politiken Cup)"]
[Site "Copenhagen"]
[Date "2002.07.23"]
[Round "8"]
[White "Li, Mike"]
[Black "Cohen, Ronnie"]
[Result "1-0"]
[WhiteElo "1475"]
[BlackElo "1800"]
[PlyCount "125"]
[EventDate "2002.07.15"]
[EventType "swiss"]
[EventRounds "11"]
[EventCountry "DEN"]
[SourceDate "2004.01.01"]

1. d4 d5 2. c4 e6 3. Nc3 Nf6 4. Bg5 Be7 5. Nf3 O-O 6. e3 Nbd7 7. cxd5 Nxd5 8.
Bxe7 Qxe7 9. Bd3 N7f6 10. O-O b6 11. Rc1 Bb7 12. Nxd5 Nxd5 13. Qe2 Rfc8 14. Ne5
c5 15. Be4 cxd4 16. Bxd5 Bxd5 17. Rxc8+ Rxc8 18. exd4 f6 19. Nd3 Qb7 20. Qg4
Bxa2 21. Nf4 Qe4 22. h4 Rd8 23. Qg3 Qxd4 24. Nh5 g6 25. Nf4 Kf7 26. Rc1 Qd6 27.
Qe3 Rd7 28. h5 g5 29. Nh3 Qd2 30. Qxd2 Rxd2 31. Rc7+ Kg8 32. Rxa7 Rxb2 33. h6
Bd5 34. Rg7+ Kh8 35. Rf7 Kg8 36. Rxf6 Rb1+ 37. Kh2 b5 38. Nxg5 Rb4 39. Kg3 Rc4
40. Nxe6 Bxe6 41. Rxe6 b4 42. Re7 Rc6 43. Rb7 Rxh6 44. Rxb4 Kf7 45. f4 Rc6 46.
Rb5 Rg6+ 47. Kf3 Rc6 48. g4 Rc3+ 49. Ke4 Rc4+ 50. Kf5 Rc7 51. Re5 Kg7 52. g5
Rf7+ 53. Kg4 h6 54. f5 hxg5 55. Kxg5 Rf6 56. Re6 Rf7 57. f6+ Kf8 58. Kg6 Ra7
59. Rb6 Ra8 60. Rb7 Kg8 61. Rg7+ Kh8 62. Rh7+ Kg8 63. f7+ 1-0

[Event "24. Copenhagen Open  (Politiken Cup)"]
[Site "Copenhagen"]
[Date "2002.07.23"]
[Round "8"]
[White "Lie, Terje"]
[Black "Hau, Helge"]
[Result "0-1"]
[WhiteElo "1913"]
[BlackElo "1503"]
[PlyCount "115"]
[EventDate "2002.07.15"]
[EventType "swiss"]
[EventRounds "11"]
[EventCountry "DEN"]
[SourceDate "2004.01.01"]

1. d4 f5 2. c4 Nf6 3. Nc3 g6 4. f3 Bg7 5. e4 d6 6. Be2 Nc6 7. Be3 b6 8. Rc1 Bb7
9. Nh3 fxe4 10. f4 h6 11. O-O Qd7 12. Nf2 Nd8 13. d5 e6 14. dxe6 Nxe6 15. Ng4
Qe7 16. Nxf6+ Bxf6 17. Nd5 Qd8 18. Qa4+ c6 19. Nxf6+ Qxf6 20. Qc2 c5 21. Bg4
O-O 22. Bxe6+ Qxe6 23. Qc3 Qf6 24. Qd2 Rad8 25. f5 g5 26. h4 Rd7 27. hxg5 hxg5
28. Bxg5 Qd4+ 29. Qf2 Rxf5 30. Qxd4 Rxf1+ 31. Rxf1 cxd4 32. Rd1 d3 33. Be3 Rf7
34. Kh2 Kh7 35. Rh1 Kg6 36. Kg1 Rh7 37. Rxh7 Kxh7 38. g4 d5 39. cxd5 Bxd5 40.
a3 b5 41. Kf2 a6 42. Kg3 Kg6 43. Kf4 a5 44. Ke5 Bb7 45. Bd2 a4 46. Kd4 Bc6 47.
Kc5 Bd7 48. g5 Be8 49. Kd5 Kf5 50. Be3 Bg6 51. Kc5 Kg4 52. Bc1 Kf3 53. Kd4 Ke2
54. Kc3 e3 55. b3 d2 56. Kb2 d1=Q 57. bxa4 Qc2+ 58. Ka1 0-1

[Event "24. Copenhagen Open  (Politiken Cup)"]
[Site "Copenhagen"]
[Date "2002.07.23"]
[Round "8"]
[White "Lilja, Richard"]
[Black "Mortensen, Henrik"]
[Result "1-0"]
[WhiteElo "2123"]
[BlackElo "2053"]
[PlyCount "81"]
[EventDate "2002.07.15"]
[EventType "swiss"]
[EventRounds "11"]
[EventCountry "DEN"]
[SourceDate "2004.01.01"]

1. e4 d5 2. Nc3 dxe4 3. Nxe4 Nd7 4. Bc4 e6 5. Nf3 Be7 6. O-O h6 7. d4 Ngf6 8.
Nxf6+ Nxf6 9. Ne5 O-O 10. Be3 Nd5 11. Qg4 Nxe3 12. fxe3 Bf6 13. Bd3 Bxe5 14.
dxe5 Qg5 15. Qe4 g6 16. Rf6 h5 17. h4 Qh6 18. Raf1 Bd7 19. Qf3 Bc6 20. Qg3 Kg7
21. Qf2 Bd5 22. Bxg6 Qxg6 23. Rxg6+ fxg6 24. Qd2 Rxf1+ 25. Kxf1 Rf8+ 26. Kg1 b6
27. b3 Rf7 28. Qd4 a5 29. c3 Bc6 30. Qc4 Bd5 31. Qb5 Be4 32. b4 axb4 33. cxb4
Bf5 34. Qc6 Bg4 35. a4 g5 36. hxg5 Kg6 37. Qe8 Kg7 38. a5 bxa5 39. bxa5 c5 40.
a6 Ra7 41. Qb8 1-0

[Event "24. Copenhagen Open  (Politiken Cup)"]
[Site "Copenhagen"]
[Date "2002.07.23"]
[Round "8"]
[White "Lonborg, Morten"]
[Black "Hoi, Carsten"]
[Result "0-1"]
[WhiteElo "2152"]
[BlackElo "2419"]
[PlyCount "96"]
[EventDate "2002.07.15"]
[EventType "swiss"]
[EventRounds "11"]
[EventCountry "DEN"]
[SourceDate "2004.01.01"]

1. g3 Nf6 2. Bg2 g6 3. c4 Bg7 4. Nc3 O-O 5. e3 c6 6. Nge2 d5 7. b3 e5 8. cxd5
cxd5 9. d4 e4 10. O-O Nc6 11. f3 exf3 12. Bxf3 Bh3 13. Bg2 Bxg2 14. Kxg2 Qd7
15. Nf4 Rfe8 16. Qf3 Rad8 17. Ba3 h5 18. h3 Qf5 19. Nb5 Ne4 20. Rad1 Qd7 21.
Bb2 Rc8 22. Nc3 Nb4 23. Nxe4 Rxe4 24. Rf2 Bh6 25. Bc1 Bxf4 26. gxf4 Qf5 27. a3
Nc6 28. Kh2 Nd8 29. Qg2 Kh7 30. Rc2 Rxc2 31. Qxc2 Rxf4 32. Qxf5 Rxf5 33. Kg2
Rf6 34. Bd2 Rc6 35. Rc1 Rxc1 36. Bxc1 g5 37. e4 dxe4 38. Bxg5 Ne6 39. Be3 Nc7
40. d5 Nxd5 41. Bxa7 f5 42. a4 Kg6 43. a5 f4 44. Bc5 Kf5 45. b4 Nc3 46. Bd6 e3
47. Kf3 e2 48. Kf2 Ne4+ 0-1